| 000 | 00387 a2200109 4500 | ||
|---|---|---|---|
| 001 | ART_42263 | ||
| 005 | 20260410161807.0 | ||
| 008 | 260409a | ||
| 245 | 1 | 0 | _aLa reorganización de empresas en crisis, el impuesto a las ganancias y la legislación concursal |
| 100 | 1 | _aMozzi, Germán D. | |
| 773 | 0 |
_tDoctrina Societaria y Concursal _g- Nº 285 (ago. 2011) _wREV4298 |
|
| 999 |
_c21091 _d21091 |
||